00441nam a2200169Ia 4500003000400000005001700004008004100021020002900062040001700091082001900108100002400127245004700151250001100198260002800209300001700237650001700254IIN20240125155227.0231217s9999 xx 000 0 und d cRs.650.00a9789352703791 aIINbEnglish a615.1 bUDA1 aUdaykumar, Padmaja 1 aPharmacology for NursescPadmaja Udaykumar a4th ed bJaypeeaNew Delhic2019 axvii, 461 p.1 aPharmacology